Bài tập vật lí 9

Giới thiệu các dạng bài tập, nêu các bài tập về điện tính, dòng điện, định luật ôm, điện năng, công và công suất của dòng điện một chiều, từ trường, hiện tượng cảm ứng điện từ....

पूर्ण विवरण

में बचाया:
ग्रंथसूची विवरण
स्वरूप: पुस्तक
भाषा:Undetermined
प्रकाशित: Hà Nội Giáo dục 2006
विषय:
टैग : टैग जोड़ें
कोई टैग नहीं, इस रिकॉर्ड को टैग करने वाले पहले व्यक्ति बनें!
Thư viện lưu trữ: Trung tâm Học liệu Trường Đại học Cần Thơ
LEADER 00870nam a2200205Ia 4500
001 CTU_106738
008 210402s9999 xx 000 0 und d
020 |c 3000 
082 |a 530.076 
082 |b B103/L9 
245 0 |a Bài tập vật lí 9 
245 0 |c Đoàn Duy Hinh ... [et al.] 
260 |a Hà Nội 
260 |b Giáo dục 
260 |c 2006 
520 |a Giới thiệu các dạng bài tập, nêu các bài tập về điện tính, dòng điện, định luật ôm, điện năng, công và công suất của dòng điện một chiều, từ trường, hiện tượng cảm ứng điện từ. 
650 |a Physics 
650 |x Study and teaching 
904 |i Tuyến sửa số pl 530.0712 thành 530.076 
980 |a Trung tâm Học liệu Trường Đại học Cần Thơ